<?xml version="1.0" encoding="UTF-8"?>
<record
    xmlns:xsi="http://www.w3.org/2001/XMLSchema-instance"
    xsi:schemaLocation="http://www.loc.gov/MARC21/slim http://www.loc.gov/standards/marcxml/schema/MARC21slim.xsd"
    xmlns="http://www.loc.gov/MARC21/slim">

  <leader>00369    a2200109   4500</leader>
  <controlfield tag="001">ART_43308</controlfield>
  <controlfield tag="005">20260410161708.0</controlfield>
  <controlfield tag="008">260409a                                 </controlfield>
  <datafield tag="245" ind1="1" ind2="0">
    <subfield code="a">La exteriorizaci&#xF3;n de bienes inmuebles y las implicancias futuras en la tributaci&#xF3;n local</subfield>
  </datafield>
  <datafield tag="100" ind1="1" ind2=" ">
    <subfield code="a">Mastandrea, Alberto F.</subfield>
  </datafield>
  <datafield tag="773" ind1="0" ind2=" ">
    <subfield code="t">Revista Impuestos</subfield>
    <subfield code="g">- N&#xBA; 4 (abr. 2017)</subfield>
    <subfield code="w">REV639</subfield>
  </datafield>
  <datafield tag="999" ind1=" " ind2=" ">
    <subfield code="c">15856</subfield>
    <subfield code="d">15856</subfield>
  </datafield>
</record>
